Cơ sở Matlab và ứng dụng /
Cơ sở Matlab: các khái niệm cơ bản, ma trận và các phép ma trận, lập trình trong Matlab, đồ hoạ hai chiều, đồ hoạ trong không gian ba chiều. Các thư viện trợ giúp và vấn đề xử lý số cho các tín hiệu: Matlab trong xử lý số các tín hiệu, ứng dụng phần mềm Simulink....
Đã lưu trong:
| Andre forfattere: | , , , |
|---|---|
| Format: | Bog |
| Sprog: | Vietnamese |
| Udgivet: |
Hà Nội :
Khoa học và kỹ thuật,
1999.
|
| Fag: | |
| Tags: |
Tilføj Tag
Ingen Tags, Vær først til at tagge denne postø!
|
| Thư viện lưu trữ: | Mạng thư viện Đại học Đà Nẵng |
|---|
| LEADER | 01552cam a2200409 a 4500 | ||
|---|---|---|---|
| 001 | 000042792 | ||
| 003 | 667 | ||
| 005 | 20070727104337.0 | ||
| 008 | 010217b1999 vm 000 vie | ||
| 020 | |c 27500 | ||
| 022 | |a T2 | ||
| 040 | |a IRC |c IRC |d IRC | ||
| 041 | 0 | |a vie | |
| 082 | 1 | 4 | |a 005.131 |b Cơ-S |
| 245 | 0 | 0 | |a Cơ sở Matlab và ứng dụng / |c Phạm Thị Ngọc Yến, Ngô Hữu Tình, Lê Tấn Hùng,Nguyễn Thị Lan Hương ; Tạ Duy Liêm hiệu đính và giới thiệu. |
| 260 | |a Hà Nội : |b Khoa học và kỹ thuật, |c 1999. | ||
| 300 | |a 233 tr. : |b mh. ; |c 24 cm. | ||
| 500 | |a Giáo trình cho các trường đại học và cao đẳng. | ||
| 520 | 3 | |a Cơ sở Matlab: các khái niệm cơ bản, ma trận và các phép ma trận, lập trình trong Matlab, đồ hoạ hai chiều, đồ hoạ trong không gian ba chiều. Các thư viện trợ giúp và vấn đề xử lý số cho các tín hiệu: Matlab trong xử lý số các tín hiệu, ứng dụng phần mềm Simulink. | |
| 630 | 0 | 4 | |a Tin học. |
| 630 | 0 | 4 | |a Matlab. |
| 630 | 0 | 4 | |a Computer programs. |
| 650 | 0 | 4 | |a MATLAB (Tin học ứng dụng) |
| 700 | 1 | |a Phạm Thị Ngọc Yến. | |
| 700 | 1 | |a Nguyễn Thị Lan Hương. | |
| 700 | 1 | |a Lê Tấn Hùng. | |
| 700 | 1 | |a Ngô Hữu Tình. | |
| OWN | |a DUT | ||
| 999 | |a From the UDN01 | ||
| TYP | |a Monograph | ||
| TYP | |a Printed language | ||
| 980 | |a Mạng thư viện Đại học Đà Nẵng | ||